Исследование Земли из космоса: научный журнал

Détails bibliographiques
Collectivité auteur: Российская академия наук (РАН)
Résumé:С 2012 г. журнал представлен в электронном виде
Langue:russe
Publié: М., Наука, 1980-1995, 1999-2011, 2012-
Sujets:
Accès en ligne:http://elibrary.ru/title_about.asp?id=7842
http://www.jizk.ru/
Format: MixedMaterials Électronique Livre
KOHA link:https://koha.lib.tpu.ru/cgi-bin/koha/opac-detail.pl?biblionumber=380467

MARC

LEADER 00000nam1a2200000 4500
001 380467
005 20231101062656.0
011 |a 0205-9614 
035 |a (RuTPU)RU\TPU\prd\1522 
035 |a RU\TPU\prd\207 
090 |a 380467 
100 |a 20020216a19809999k y0rusy50 ca 
101 0 |a rus 
102 |a RU 
200 1 |a Исследование Земли из космоса  |e научный журнал  |f Российская академия наук (РАН) 
210 |a М.  |c Наука  |d 1980-1995, 1999-2011, 2012- 
300 |a С 2012 г. журнал представлен в электронном виде 
305 |a Издается с 1980 г. 
326 |a 6 номеров в год 
469 |0 (RuTPU)RU\TPU\subscr\408 
610 1 |a космос 
610 1 |a космическое пространство 
610 1 |a космонавтика 
610 1 |a Земля 
610 1 |a космические исследования 
610 1 |a космическая информация 
610 1 |a космическая метеорология 
610 1 |a космическая наука 
675 |a 550.814:629.78  |v 3 
712 0 2 |a Российская академия наук (РАН)  |2 stltpush  |3 (RuTPU)RU\TPU\col\51 
801 0 |a RU  |b 63413507  |c 20011210  |g PSBO 
801 2 |a RU  |b 63413507  |c 20181030  |g PSBO 
856 4 |u http://elibrary.ru/title_about.asp?id=7842 
856 4 |u http://www.jizk.ru/ 
942 |c CR 
969 |0 001RU\TPU\subscr\408